[Event "Plzen, FSB A"]
[Site "?"]
[Date "2001.??.??"]
[Round "9.10"]
[White "Hrbolka jr., L."]
[Black "Gross, S."]
[Result "1-0"]
[WhiteElo "2197"]
[BlackElo "2391"]
[PlyCount "166"]
[EventDate "2000.??.??"]
[Source "ChessBase"]
[SourceDate "1996.11.15"]

1. e4 c5 2. Nf3 b6 3. d4 cxd4 4. Nxd4 Bb7 5. Bd3 g6 6. O-O Bg7 7. Be3 a6 8. c4
d6 9. Nc3 Nd7 10. Rc1 Ngf6 11. f3 e6 12. Qd2 O-O 13. Rfd1 Qc7 14. Bf1 Rad8 15.
Nc2 Ne5 16. Nb4 Rfe8 17. b3 Ned7 18. Kh1 Bf8 19. Bf4 Ne5 20. Qe1 Nh5 21. Bg5 f6
22. Be3 f5 23. Qf2 Nd7 24. exf5 gxf5 25. Bg5 Nhf6 26. Qh4 Bg7 27. Nc2 Rf8 28.
Nd4 Rde8 29. Bh6 Ne5 30. Qg5 Ng6 31. Bxg7 Qxg7 32. Rd2 h6 33. Qe3 f4 34. Qf2
Rf7 35. Rcd1 Ne5 36. Na4 Qg5 37. Nxb6 Nfg4 38. fxg4 Nxg4 39. Qg1 e5 40. Nf3 Qh5
41. Nd5 e4 42. Qd4 Re5 43. Bd3 Bxd5 44. cxd5 exf3 45. gxf3 Nxh2 46. Rxh2 Qxf3+
47. Rg2+ Rg7 48. Bf1 Reg5 49. Qd3 Qh5+ 50. Kg1 f3 51. Rdd2 fxg2 52. Rxg2 Rxg2+
53. Bxg2 Qg4 54. Qc2 Qd4+ 55. Kh1 Qh4+ 56. Kg1 Qd4+ 57. Kh1 Qa1+ 58. Kh2 Qe5+
59. Kh1 Qe8 60. b4 Qe1+ 61. Kh2 Qg3+ 62. Kh1 Re7 63. Qc8+ Kg7 64. Bf1 Qf3+ 65.
Kg1 Qxd5 66. Qh3 Qd4+ 67. Kh1 Qe4+ 68. Bg2 Qe1+ 69. Kh2 Qe5+ 70. Kh1 d5 71. Bf1
Qe4+ 72. Kh2 Qf4+ 73. Kh1 d4 74. Qg2+ Kf8 75. Qa8+ Kg7 76. Qxa6 Qf3+ 77. Kg1
Qg4+ 78. Kh2 Re5 79. Qb7+ Kf6 80. Qc6+ Kg5 81. b5 Qf4+ 82. Kg1 Kh4 83. Qh1+ Kg5
{bily vyhral po nekolika tazich na cas} 1-0

[Event "Plzen, FSB A"]
[Site "?"]
[Date "2001.??.??"]
[Round "9.11"]
[White "Chrz, P."]
[Black "Dolezal, R."]
[Result "0-1"]
[WhiteElo "2151"]
[BlackElo "2390"]
[PlyCount "34"]
[EventDate "2000.??.??"]
[Source "ChessBase"]
[SourceDate "1996.11.15"]

1. e4 e5 2. Nf3 Nc6 3. Bb5 Nd4 4. Bc4 Bc5 5. b4 Bb6 6. c3 Nxf3+ 7. Qxf3 Qf6 8.
Qg3 d6 9. d3 Qg6 10. a4 c6 11. a5 Bc7 12. b5 Nf6 13. Bg5 Nh5 14. Qh4 h6 15. Be7
Nf4 16. Kd2 Qxg2 17. Na3 g5 0-1

[Event "Plzen, FSB A"]
[Site "?"]
[Date "2001.??.??"]
[Round "9.12"]
[White "Michalek, J."]
[Black "Seleljo, D."]
[Result "1-0"]
[WhiteElo "2365"]
[BlackElo "2273"]
[PlyCount "65"]
[EventDate "2000.??.??"]
[Source "ChessBase"]
[SourceDate "1996.11.15"]

1. e4 e5 2. Nf3 d6 3. d4 Nf6 4. dxe5 Nxe4 5. Nbd2 Nc5 6. Nc4 d5 7. Bg5 Qd7 8.
Ne3 h6 9. Bh4 c6 10. Be2 Nba6 11. O-O Ne6 12. Bg3 Nac5 13. c4 d4 14. b4 dxe3
15. bxc5 Qxd1 16. Raxd1 Bxc5 17. fxe3 Bxe3+ 18. Kh1 Nf4 19. Bxf4 Bxf4 20. e6 g5
21. g3 Bc7 22. exf7+ Ke7 23. Nd4 Bh3 24. Rf3 h5 25. Bd3 h4 26. Re1+ Kf8 27. Bf5
Bxf5 28. Rxf5 Rh6 29. Ne6+ Rxe6 30. Rxe6 hxg3 31. Rg6 Ke7 32. f8=Q+ Rxf8 33.
Rg7+ 1-0

[Event "Plzen, FSB A"]
[Site "?"]
[Date "2001.??.??"]
[Round "9.14"]
[White "Scheidt, K."]
[Black "Virostko, P."]
[Result "0-1"]
[WhiteElo "2123"]
[BlackElo "2294"]
[PlyCount "58"]
[EventDate "2000.??.??"]
[Source "ChessBase"]
[SourceDate "1996.11.15"]

1. e4 e5 2. Nf3 Nc6 3. d4 exd4 4. c3 d5 5. exd5 Qxd5 6. cxd4 Bg4 7. Be2 Bb4+ 8.
Nc3 Bxf3 9. Bxf3 Qc4 10. Bxc6+ bxc6 11. Qb3 Qxb3 12. axb3 a5 13. O-O O-O-O 14.
Be3 Ne7 15. Ne4 Nf5 16. Ng5 Rd7 17. Nf3 f6 18. g4 Nxe3 19. fxe3 Re8 20. Kf2
Rde7 21. Rac1 Rxe3 22. Rc2 Rxb3 23. Rfc1 Re4 24. Rxc6 Rf4 25. Rxc7+ Kd8 26.
Rxg7 Rfxf3+ 27. Kg2 Rfd3 28. Rxh7 Rxb2+ 29. Kh1 a4 0-1

[Event "Plzen, FSB A"]
[Site "?"]
[Date "2001.??.??"]
[Round "9.15"]
[White "Krapivin, V."]
[Black "Porat, D."]
[Result "1-0"]
[WhiteElo "2339"]
[BlackElo "2145"]
[PlyCount "119"]
[EventDate "2000.??.??"]
[Source "ChessBase"]
[SourceDate "1996.11.15"]

1. e4 c5 2. Nc3 Nc6 3. g3 g6 4. Bg2 Bg7 5. d3 e6 6. Be3 d6 7. f4 Nge7 8. Nf3
O-O 9. O-O b6 10. Rb1 d5 11. Bf2 d4 12. Ne2 e5 13. Nh4 Bh6 14. h3 Qc7 15. Be1
b5 16. Bd2 c4 17. f5 Bxd2 18. Qxd2 f6 19. fxg6 Nxg6 20. Nf5 Be6 21. h4 Kh8 22.
Qh6 Bxf5 23. Rxf5 Qg7 24. Qd2 a5 25. Kh2 a4 26. a3 Rab8 27. Rbf1 Nge7 28. R5f2
Ng8 29. Bh3 Qe7 30. Ra1 cxd3 31. cxd3 b4 32. Qc2 Qd6 33. Qxa4 bxa3 34. bxa3
Nge7 35. Qc2 Ra8 36. a4 Rfb8 37. Nc1 Rb4 38. Qd1 Na5 39. Qf3 Rb6 40. Qh5 Rab8
41. Qf7 Rg8 42. Rc2 f5 43. Bxf5 Nxf5 44. Qxf5 Nc6 45. Rf2 Ne7 46. Qh5 Qe6 47.
a5 Ra6 48. Ra3 Ng6 49. Ne2 Qe7 50. Ra2 Qg7 51. Qf3 Qh6 52. Ng1 Qg7 53. Nh3 Rb8
54. Qg2 Rba8 55. Ng5 Rxa5 56. Rxa5 Rxa5 57. Rf7 Qg8 58. Rxh7+ Qxh7 59. Nxh7
Kxh7 60. h5 1-0

[Event "Plzen, FSB A"]
[Site "?"]
[Date "2001.??.??"]
[Round "9.16"]
[White "Lahner, J."]
[Black "Nun, J."]
[Result "0-1"]
[WhiteElo "2142"]
[BlackElo "2389"]
[PlyCount "50"]
[EventDate "2000.??.??"]
[Source "ChessBase"]
[SourceDate "1996.11.15"]

1. d4 Nf6 2. c4 c5 3. d5 b5 4. cxb5 a6 5. bxa6 Bxa6 6. Nc3 d6 7. Nf3 g6 8. g3
Bg7 9. Bg2 O-O 10. O-O Nbd7 11. Rb1 Qa5 12. Qc2 Rfb8 13. Rd1 Ng4 14. Bg5 Qd8
15. h3 Nge5 16. Nd2 f5 17. Be3 Nf6 18. b3 Qa5 19. Rdc1 Qb4 20. a4 Nh5 21. f4
Nxg3 22. Kf2 Nh5 23. fxe5 f4 24. Bxf4 Qxf4+ 25. Nf3 Qg3+ 0-1

[Event "Plzen, FSB A"]
[Site "?"]
[Date "2001.??.??"]
[Round "9.17"]
[White "Siktanc, P."]
[Black "Jedlicka, A."]
[Result "0-1"]
[WhiteElo "2129"]
[BlackElo "2253"]
[PlyCount "88"]
[EventDate "2000.??.??"]
[Source "ChessBase"]
[SourceDate "1996.11.15"]

1. e4 c5 2. Nc3 Nc6 3. g3 g6 4. Bg2 Bg7 5. d3 d6 6. Nge2 Rb8 7. Be3 Nd4 8. O-O
b5 9. Qd2 b4 10. Nd1 e5 11. Nc1 Qa5 12. c3 bxc3 13. bxc3 Nc6 14. Nb2 Be6 15.
Nc4 Qc7 16. Rd1 Nge7 17. Bh6 O-O 18. Bxg7 Kxg7 19. Nb3 Rb7 20. Qc2 Rfb8 21.
Rab1 Nc8 22. Nbd2 Na5 23. Ne3 Nb6 24. Bf1 Qd7 25. Ndc4 Naxc4 26. dxc4 Qa4 27.
Qe2 Qa5 28. Rxd6 Na4 29. Rb5 Rxb5 30. cxb5 Nxc3 31. Qe1 Qb4 32. a3 Qb2 33. Rd2
Qb1 34. Nd1 Qxe4 35. Qxe4 Nxe4 36. Re2 Rd8 37. Nb2 Ng5 38. Bg2 c4 39. h4 Bg4
40. Rc2 Nf3+ 41. Kh1 Rd2 42. Rxd2 Nxd2 43. Bd5 c3 44. Nd3 Be2 0-1

[Event "Plzen, FSB A"]
[Site "?"]
[Date "2001.??.??"]
[Round "9.18"]
[White "Novak, P."]
[Black "Vales, V."]
[Result "1-0"]
[WhiteElo "2237"]
[BlackElo "2159"]
[PlyCount "59"]
[EventDate "2000.??.??"]
[Source "ChessBase"]
[SourceDate "1996.11.15"]

1. e4 c5 2. Nf3 Nc6 3. Bb5 g6 4. O-O Bg7 5. Re1 d6 6. Nc3 Bd7 7. Bxc6 Bxc6 8.
d4 cxd4 9. Nxd4 Rc8 10. Be3 Qa5 11. Qd2 Nf6 12. Bh6 Bxh6 13. Qxh6 Qh5 14. Qf4
Nd7 15. Qe3 Rc7 16. Nd5 Rc8 17. c4 a6 18. Rac1 e6 19. b4 Kf8 20. b5 Bxd5 21.
cxd5 Nc5 22. dxe6 fxe6 23. Nxe6+ Ke7 24. Nf4 Qe5 25. Nd5+ Kf7 26. f4 Qe6 27. b6
Rc6 28. Rcd1 Re8 29. Nc7 Qxe4 30. Nxe8 1-0

[Event "Plzen, FSB A"]
[Site "?"]
[Date "2001.??.??"]
[Round "9.19"]
[White "Juptner, J."]
[Black "Vavrinec, T."]
[Result "1/2-1/2"]
[WhiteElo "2229"]
[BlackElo "1953"]
[PlyCount "107"]
[EventDate "2000.??.??"]
[Source "ChessBase"]
[SourceDate "1996.11.15"]

1. d4 Nf6 2. c4 c5 3. d5 e6 4. Nc3 exd5 5. cxd5 d6 6. e4 g6 7. Nf3 Bg7 8. Nd2
Nbd7 9. Be2 O-O 10. O-O Re8 11. Qc2 a6 12. a4 Qe7 13. f4 Nb6 14. Bf3 Ng4 15.
Bxg4 Bxg4 16. a5 Nc8 17. f5 Na7 18. Qd3 gxf5 19. exf5 Nb5 20. f6 Bxf6 21. Qg3
h5 22. Nde4 Be5 23. Bf4 Nxc3 24. bxc3 Bxf4 25. Rxf4 Kh8 26. Raf1 f5 27. Nf2 Qe3
28. Qxe3 Rxe3 29. h3 Be2 30. Re1 Rae8 31. Rxf5 Kg7 32. h4 Rxc3 33. Kh1 Rce3 34.
Nh3 Ra3 35. Nf4 Rae3 36. Kh2 Bg4 37. Rg5+ Kf6 38. Rf1 Ke7 39. Rg7+ Kd8 40. Rxb7
Ra3 41. Rb6 Rxa5 42. Rxd6+ Kc7 43. Rh6 Ra2 44. Nxh5 Bxh5 45. Rxh5 Ree2 46. Rg5
c4 47. Rg6 c3 48. Rf7+ Kd8 49. Rf8+ Ke7 50. Rc8 c2 51. Rc7+ Kd8 52. Rgc6 Rxg2+
53. Kh1 Rh2+ 54. Kg1 1/2-1/2

[Event "Plzen, FSB A"]
[Site "?"]
[Date "2001.??.??"]
[Round "9.20"]
[White "Tuzil, V."]
[Black "Havranek, M."]
[Result "1-0"]
[WhiteElo "1992"]
[BlackElo "2210"]
[PlyCount "97"]
[EventDate "2000.??.??"]
[Source "ChessBase"]
[SourceDate "1996.11.15"]

1. e4 e6 2. d4 d5 3. Nd2 Nf6 4. e5 Nfd7 5. c3 c5 6. f4 Nc6 7. Ndf3 cxd4 8. cxd4
Qb6 9. g3 Qa5+ 10. Kf2 b5 11. Ne2 b4 12. Be3 Ba6 13. Nc1 Bxf1 14. Rxf1 Qb5 15.
Qd3 Rb8 16. Qxb5 Rxb5 17. b3 Be7 18. Nd3 O-O 19. Rfc1 Rc8 20. Rc2 Rb7 21. Rac1
Rbc7 22. Nfe1 h6 23. Nb2 Kf8 24. Na4 Ke8 25. Nd3 Kd8 26. h3 Bf8 27. Kg2 Be7 28.
g4 Bf8 29. h4 Be7 30. h5 f6 31. Ndc5 Nxc5 32. Nxc5 Bxc5 33. Rxc5 fxe5 34. dxe5
Kd7 35. Bf2 a6 36. Be1 a5 37. Bf2 Ne7 38. Rxc7+ Rxc7 39. Rxc7+ Kxc7 40. Bc5 Kd7
41. Bxe7 Kxe7 42. f5 exf5 43. gxf5 Kd7 44. Kf3 Kd8 45. Ke3 Kd7 46. Kd4 Kc6 47.
f6 gxf6 48. exf6 Kd6 49. f7 1-0

[Event "Plzen, FSB A"]
[Site "?"]
[Date "2001.??.??"]
[Round "9.21"]
[White "Bender, I."]
[Black "Hroch, J."]
[Result "1-0"]
[WhiteElo "2183"]
[BlackElo "1969"]
[PlyCount "85"]
[EventDate "2000.??.??"]
[Source "ChessBase"]
[SourceDate "1996.11.15"]

1. d4 d5 2. c4 e6 3. Nc3 c5 4. cxd5 cxd4 5. Qxd4 Nc6 6. Qd1 exd5 7. e3 Nf6 8.
Nf3 Bc5 9. Be2 O-O 10. O-O Re8 11. Na4 Bd6 12. b3 Bf5 13. Bb2 Be4 14. Nc3 Qe7
15. Nxe4 dxe4 16. Nd4 Nxd4 17. Bxd4 Be5 18. Bxe5 Qxe5 19. Rc1 Rac8 20. Qd2 h6
21. Rfd1 Rc7 22. Rxc7 Qxc7 23. Qd4 b6 24. h3 Re7 25. Bb5 Re5 26. Qd8+ Qxd8 27.
Rxd8+ Kh7 28. Bc4 Re7 29. Kf1 Kg6 30. Ke2 Rd7 31. Rxd7 Nxd7 32. Kd2 f5 33. Kc3
Kf6 34. Kd4 Ne5 35. a4 g5 36. Kd5 Nd3 37. f3 Nb4+ 38. Kd6 Nc2 39. fxe4 Nxe3 40.
e5+ Kg7 41. e6 f4 42. Bd3 g4 43. e7 1-0

[Event "Plzen, FSB A"]
[Site "?"]
[Date "2001.??.??"]
[Round "9.23"]
[White "Komarek, D."]
[Black "Rodkin, R."]
[Result "0-1"]
[WhiteElo "2111"]
[BlackElo "2314"]
[PlyCount "26"]
[EventDate "2000.??.??"]
[Source "ChessBase"]
[SourceDate "1996.11.15"]

1. d4 Nf6 2. c4 g6 3. Nc3 Bg7 4. e4 O-O 5. f3 d6 6. Bg5 Nc6 7. Qd2 e5 8. dxe5
Nxe5 9. O-O-O Be6 10. Nd5 c6 11. Ne3 Qb6 12. Nh3 Bxh3 13. gxh3 Nxf3 0-1

[Event "Plzen, FSB A"]
[Site "?"]
[Date "2001.??.??"]
[Round "9.24"]
[White "Cvikl, M."]
[Black "Bartos, J."]
[Result "1/2-1/2"]
[WhiteElo "2038"]
[BlackElo "2229"]
[PlyCount "26"]
[EventDate "2000.??.??"]
[Source "ChessBase"]
[SourceDate "1996.11.15"]

1. d4 d5 2. Nf3 e6 3. Bf4 Nf6 4. e3 c5 5. c3 Nc6 6. Nbd2 Be7 7. h3 b6 8. Bd3
Bb7 9. O-O O-O 10. Rc1 Rc8 11. Bb1 Nd7 12. Re1 f5 13. c4 Na5 1/2-1/2

[Event "Plzen, FSB A"]
[Site "?"]
[Date "2001.??.??"]
[Round "9.25"]
[White "Kozak, M."]
[Black "Priborsky, I."]
[Result "1/2-1/2"]
[WhiteElo "2226"]
[BlackElo "2084"]
[PlyCount "30"]
[EventDate "2000.??.??"]
[Source "ChessBase"]
[SourceDate "1996.11.15"]

1. d4 Nf6 2. c4 g6 3. Nc3 Bg7 4. e4 d6 5. Nf3 O-O 6. Be2 e5 7. O-O Nc6 8. d5
Ne7 9. b4 a5 10. Ba3 axb4 11. Bxb4 b6 12. a4 Ne8 13. Nb5 f5 14. Nd2 Bh6 15. Bf3
Bd7 1/2-1/2

[Event "Plzen, FSB A"]
[Site "?"]
[Date "2001.??.??"]
[Round "9.28"]
[White "Falout, L."]
[Black "Pokrupa, M."]
[Result "1-0"]
[WhiteElo "2163"]
[BlackElo "2075"]
[PlyCount "111"]
[EventDate "2000.??.??"]
[Source "ChessBase"]
[SourceDate "1996.11.15"]

1. e4 c5 2. d4 cxd4 3. c3 Qa5 4. Nf3 Nc6 5. b4 Qh5 6. b5 Ne5 7. Nxe5 Qxe5 8.
Qxd4 Qxd4 9. cxd4 e6 10. a4 Nf6 11. f3 a5 12. Nd2 d5 13. e5 Nd7 14. Nb3 b6 15.
Bd3 Bb7 16. Bd2 Be7 17. Rc1 Rc8 18. Rxc8+ Bxc8 19. Ke2 Bd8 20. Rc1 Bb7 21. f4
Nb8 22. Be3 Kd7 23. f5 Be7 24. Nd2 h6 25. Rf1 Rf8 26. f6 gxf6 27. exf6 Bd6 28.
Bxh6 Rh8 29. Bf4 Bxf4 30. Rxf4 Rxh2 31. Kf2 Ke8 32. Nf3 Rh6 33. g4 Nd7 34. g5
Rh1 35. g6 fxg6 36. Bxg6+ Kd8 37. Ne5 Nf8 38. Bf7 Rh6 39. Kg3 Bc8 40. Kg4 Bd7
41. Bh5 Be8 42. f7 Bd7 43. Kg5 Rh8 44. Rf2 Ke7 45. Ng6+ Nxg6 46. Kxg6 Kf8 47.
Rf1 e5 48. dxe5 Be6 49. Rf6 Bc8 50. Rxb6 Ke7 51. Kg7 Rd8 52. Rd6 Rf8 53. Rxd5
Be6 54. Rc5 Bxf7 55. Rc7+ Ke8 56. Bxf7+ 1-0

[Event "Plzen, FSB A"]
[Site "?"]
[Date "2001.??.??"]
[Round "9.30"]
[White "Hallerova, E."]
[Black "Toman, J."]
[Result "0-1"]
[WhiteElo "2151"]
[BlackElo "1855"]
[PlyCount "92"]
[EventDate "2000.??.??"]
[Source "ChessBase"]
[SourceDate "1996.11.15"]

1. d4 d6 2. c4 g6 3. g3 Bg7 4. Bg2 Nf6 5. Nf3 O-O 6. O-O Nbd7 7. Nc3 e5 8. d5
a5 9. e4 Nc5 10. Re1 Ne8 11. Na4 Nxa4 12. Qxa4 h6 13. Nh4 Kh7 14. Qc2 Bf6 15.
Nf3 Be7 16. Qd2 g5 17. h4 f6 18. Rf1 Ng7 19. Nh2 Qe8 20. hxg5 fxg5 21. Qe2 Qg6
22. Be3 g4 23. Rac1 b6 24. f4 gxf3 25. Rxf3 Rxf3 26. Qxf3 Bd7 27. g4 Rf8 28.
Qe2 h5 29. g5 Bxg5 30. Rf1 Rxf1+ 31. Kxf1 Bxe3 32. Qxe3 Qh6 33. Kf2 Qxe3+ 34.
Kxe3 Kg6 35. Nf3 Bg4 36. Ng1 Kg5 37. a3 h4 38. b4 axb4 39. axb4 Nh5 40. Bf3 h3
41. Ne2 h2 42. Bg2 Bxe2 43. Kxe2 h1=Q 44. Bxh1 Ng3+ 45. Kf3 Nxh1 46. Kg2 Kf4
0-1